Länder mit den meisten Nachbarländern - Statistiken

Allgemein
  • Dieses Quiz wurde 64 mal gespielt
  • Das Durchschnittsergebnis liegt bei 12 aus 20
Antwortstatistiken
Nachbarländer Antwort % Korrekt
14 China
98%
14 Russland
98%
9 Deutschland
95%
10 Brasilien
80%
9 Demokratische Republik Kongo
77%
7 Niger
68%
7 Iran
66%
8 Türkei
66%
7 Polen
64%
8 Österreich
63%
8 Frankreich
61%
7 Mali
55%
7 Saudi-Arabien
55%
7 Ungarn
55%
8 Serbien
54%
7 Sudan
48%
7 Ukraine
48%
8 Sambia
32%
7 Algerien
27%
8 Tansania
27%
Keine übereinstimmenden Quizze gefunden
Verteilung der Resultate
Anzahl Personen mit jedem Resultat
Perzentil nach korrekt beantworteten Fragen
Ihre Resultats-Entwicklung
Sie haben dieses Quiz noch nicht gespielt